• 首页
  • 本馆介绍
  • 公告通知
  • 最新文献
  • 馆藏检索
  • 电子资源
  • 读者导购
  • 参考咨询
  • 我的图书馆
  • 登录
  • 详细信息显示
  • 放入我的书架
  • 预约/预借图书
  • 作者相关作品
  • 分类相关作品
  • 丛书相关作品
  • 出版社相关作品

书目信息

  • 表格格式
  • 工作单格式
  • 卡片格式
题名:
2008年奥帆赛及残奥帆赛气象服务论文集
    
 
作者: ;青岛市气象局 编
分册:  
出版信息: 北京   气象出版社  2009
页数: 501页
开本: 26cm
丛书名:
单 册:
中图分类: P732.4-53 , G861.471.11
科图分类:
主题词: 夏季奥运会--帆船运动--海洋气象--气象服务--2008--文集 , 残疾人--夏季奥运会--帆船运动--海洋气象--气象服务--2008--文集 , 夏季奥运会 , 帆船运动 , 海洋气象 , 气象服务 , 残疾人
电子资源:
ISBN: 978-7-5029-4651-7
000 01134nam0 2200313 45
001 1130743671
005 20110310091037.48
010    @a978-7-5029-4651-7@dCNY120.00
100    @a20110122d2009 emky0chiy50 ea
101 0  @achi
102    @aCN@b110000
105    @aa z 000yy
106    @ar
200 1  @a2008年奥帆赛及残奥帆赛气象服务论文集@A2008 Nian Ao Fan Sai Ji Can Ao Fan Sai Qi Xiang Fu Wu Lun Wen Ji@f青岛市气象局编@FQing Dao Shi Qi Xiang Ju Bian
210    @a北京@c气象出版社@d2009
215    @a501页@c图@d26cm
330    @a本书从天气气候与预报技术、服务策略与技巧、预报产品制作、信息网络建设与保障、探测设备维护以及探测资料应用等方面进行了技术总结,汇成本文集。
606 0  @a夏季奥运会@x帆船运动@x海洋气象@x气象服务@z2008@j文集
606 0  @a残疾人@x夏季奥运会@x帆船运动@x海洋气象@x气象服务@z2008@j文集
606 0  @a夏季奥运会
606 0  @a帆船运动
606 0  @a海洋气象
606 0  @a气象服务
606 0  @a残疾人
690    @aP732.4-53@v4
690    @aG861.471.11@v4
711 02 @a青岛市气象局@AQing Dao Shi Qi Xiang Ju@4编
801  0 @aCN@bTANGWEI@c20110310
905    @b0531980@dP732.4-53@e52@f1
    
    2008年奥帆赛及残奥帆赛气象服务论文集/青岛市气象局编.-北京:气象出版社,2009
    501页:图;26cm
    
    
    ISBN 978-7-5029-4651-7:CNY120.00
    本书从天气气候与预报技术、服务策略与技巧、预报产品制作、信息网络建设与保障、探测设备维护以及探测资料应用等方面进行了技术总结,汇成本文集。
●
相关链接 在E读中查询图书 在五车中查询图书 在当当中查询图书 在豆瓣中查询图书


正题名:2008年奥帆赛及残奥帆赛气象服务论文集     索取号:P732.4-53/52         预约/预借

序号 登录号 条形码 馆藏地/架位号 状态 备注
1 0531980   205319804   第二样本阅览室/ [索取号:P732.4-53/52] 在馆    
唐山师范学院图书馆 欢迎您!
大连网信软件有限公司© 版权所有